| 000 | 00578nam a22001817a 4500 | ||
|---|---|---|---|
| 020 | _qHard Cover. | ||
| 082 | _aBEE-5 ZEH | ||
| 100 | _aZeshan Haider : Gulraiz Khan and Muhammad Amin. | ||
| 245 |
_aHome Assistant Wireless Robot / _cHaider Zeeshan : Khan Gulraiz and Muhammad Amin |
||
| 260 |
_aIslamabad: _bSEECSP01104, _c2012. |
||
| 300 |
_a55 p. : _c30cm. |
||
| 563 | _aHBK. | ||
| 650 | _aBEE | ||
| 700 | _aMr. Abid Mushtaq | ||
| 856 | _uhttp://10.250.8.41:8080/xmlui/handle/123456789/28832 | ||
| 942 |
_2ddc _cPR |
||
| 999 |
_c566064 _d566064 |
||